[Event "Regionalliga NW 0506"]
[Site "Bayern"]
[Date "2005.10.23"]
[Round "1.8"]
[White "Hartenfels, Paul"]
[Black "Bizzell, Brandon"]
[Result "0-1"]
[WhiteElo "1758"]
[BlackElo "1687"]
[PlyCount "57"]
[EventDate "2005.10.23"]
[EventType "team-tourn"]
[EventRounds "9"]
[EventCountry "GER"]
[SourceTitle "EXT 2007"]
[Source "ChessBase"]
[SourceDate "2006.11.23"]
[SourceVersion "1"]
[SourceVersionDate "2006.11.23"]
[SourceQuality "1"]

1. d4 d5 2. c4 e6 3. Nf3 c6 4. Nc3 f5 5. a3 Nf6 6. Bf4 Bd6 7. Bxd6 Qxd6 8. c5 Qc7 9. e3 0-0 10. Bd3 Ne4 11. h4 Nd7 12. Ng5 Ndf6 13. Ne2 h6 14. Nf3 Ng4 15. 0-0 g5 16. g3 Qe7 17. Kg2 Nexf2 18. Qd2 Ne4 19. Qc1 Bd7 20. Rh1 Nef2 21. Rf1 Nxd3 22. Qd2 Nxb2 23. hxg5 Nc4 24. Qd3 Ncxe3+ 25. Kg1 Nxf1 26. Rxf1 hxg5 27. Kg2 Kg7 28. Qd2 Kg6 29. Qb2 0-1